[Event "Dortmund SuperGM 38th"]
[Site "Dortmund"]
[Date "2010.07.23"]
[Round "8"]
[White "Ponomariov, Ruslan"]
[Black "Naiditsch, Arkadij"]
[Result "1-0"]
[WhiteElo "2734"]
[BlackElo "2684"]
[Annotator "Krasenkow,M"]
[PlyCount "91"]
[EventDate "2010.07.15"]
[EventType "tourn"]
[EventRounds "10"]
[EventCountry "GER"]
[EventCategory "20"]
[SourceTitle "CBM 138"]
[Source "ChessBase"]
[SourceDate "2010.09.17"]
[SourceVersion "1"]
[SourceVersionDate "2010.09.17"]
[SourceQuality "1"]

1. d4 Nf6 2. c4 e6 3. Nc3 Bb4 4. e3 O-O 5. Bd3 d5 6. Nf3 c5 7. O-O Nc6 8. a3
Bxc3 9. bxc3 dxc4 10. Bxc4 Qc7 11. Bb2 e5 12. h3 e4 {GM R. Ponomariov
criticised this move after the game.} (12... Bf5 {is the most common here.})
13. Nd2 b6 {Surprisingly, this obvious move is rarely played.} (13... Na5 {
is the main line - see Kramnik - Tiviakov in CBM 81 (annotations by GM P.Wells)
.}) 14. Bb5 $1 $146 {[%mdl 12] An interesting novelty, with an obvious plan:
to swap this bishop for the c6-knight and open up the other one by means of
c3-c4.} (14. Qe2 {is usually played (this position sometimes arises in other
move orders), and Black has no major problems:} Bb7 (14... Ne7 15. Ba2 Ng6 16.
Rac1 Re8 17. c4 Qe7 18. Bb1 cxd4 19. exd4 Nf4 20. Qe3 N6h5 21. Bxe4 $14 {
1/2 Kovacs,G (2499)-Acs,P (2548)/Hungary 2008/EXT 2009 (25)}) (14... Na5 $5 15.
Ba2 c4 16. a4 Be6 17. Ba3 Rfc8 18. Rfb1 (18. Rab1 $6 Qd7 19. Qd1 Nb3 $15 {
1/2 Korobov,A (2605)-Bu Xiangzhi (2714)/Beijing 2008/CBM 126 Extra (41)}) 18...
Qc6 19. Qd1 Qd7 20. Bb4 Nb7 21. Rb2 Bd5 22. Rab1 $11 {1-0 Andersen,L (2093)
-Benassi,A (2145)/IECG 2006/Telechess CBM 119}) 15. Ba2 (15. a4 Rac8 16. Ba2
Na5 17. dxc5 bxc5 18. c4 Nd7 19. Bb1 f5 $132 {0-1 Villeneuve,A (2282)-Horvath,
P (2457)/Le Touquet 2003/EXT 2004 (36)}) 15... Rad8 16. d5 (16. Rac1 Qe7 17.
Rfd1 Rd7 18. Nf1 Rfd8 19. Ng3 g6 20. a4 h5 21. Ba3 h4 22. Nf1 Nd5 23. Re1 Qg5
$132 {1-0 Liang Chong (2581)-Yuan Jun (2299)/Suzhou 2001/EXT 2002 (54)}) 16...
Nxd5 17. c4 Nde7 18. Nxe4 Ng6 19. Nc3 f5 20. Nd5 Qf7 21. Rad1 Rfe8 22. f4 Ba6
23. Qd3 Re4 $132 {1/2 Boleslavsky,I-Levin,M/Kiev 1958/EXT 2003 (59)}) 14... Na5
(14... a6 15. Bxc6 Qxc6 16. c4 cxd4 17. exd4 Bf5 18. d5 Qd6 19. a4 $14 {
[%cal Rb2a3,Yd1b3]}) (14... Bf5 15. c4 cxd4 16. exd4 $14) 15. c4 $1 cxd4 16.
Bxd4 Qe7 17. c5 $5 {It is essential to prevent ...Na5-b7-c5 but perhaps the
other move order was even stronger:} (17. Qc2 $1 {[%cal Rd4f6]} Bf5 18. c5)
17... a6 $6 (17... bxc5 18. Bc3 Nb7 19. Bc6 Qe6 20. Qa4 Bd7 21. Bxd7 Nxd7 22.
Qxe4 $14) 18. Ba4 $6 (18. Be2 $1 bxc5 19. Bxf6 Qxf6 (19... gxf6 20. Qa4) 20.
Nxe4 $16 {[%csl Rc5]}) 18... bxc5 19. Bc3 Nb7 20. Bc6 Ra7 $6 {Here, too,} (
20... Qe6 21. Qa4 Bd7 {was relatively better.}) 21. Qb1 {Not the best idea.
White now has to give up his strong c6-bishop for a knight.} (21. Qa4 $142 Nd6
22. Rac1 $16) 21... Qc7 22. Bxe4 Nxe4 23. Nxe4 Qc6 (23... f6 $14) 24. Ng5 Qh6
25. f4 Nd6 $6 {Black decides to give up his weak pawn but doesn't obtain any
counterplay.} (25... Qg6 $142 $14) 26. Qb6 Rb7 (26... Nb5 27. Ba5 $1 {[%cal
Rb6c5,Ra3a4]}) 27. Qxc5 Rb5 28. Qc7 Rb7 29. Qc6 Nb5 30. Qxh6 gxh6 31. Ne4 f5
32. Nf6+ Kg7 33. Be5 $1 {More energetic than} (33. Nd5+ Nxc3 34. Nxc3) 33...
Rxf6 34. Rfc1 $1 Bd7 (34... Be6 $142 35. a4 ({or} 35. Rab1 $5 {, e.g.} Bd5 36.
a4 Nd6 37. Rxb7+ Bxb7 (37... Nxb7 38. Rb1 $18 {[%cal Rb1b6]}) 38. Rd1 $1 Nf7
39. Rd7 Be4 40. g4 Kg6 41. Bxf6 Kxf6 42. Ra7 {with excellent winning chances.})
35... Nc7 (35... Na7 36. Rab1 Rd7 37. Rb6) 36. Rxc7+ Rxc7 37. Bxc7 {, and
Black, despite the opposite-coloured bishops, can hardly hold this ending.})
35. Rab1 $1 Ra7 $8 36. a4 Nd6 37. Bd4 Ra8 38. Rd1 $1 {Full domination! Black
can't avoid decisive material losses.} Ne4 39. Rb7 Rd8 40. Be5 Kg6 41. Rdxd7
Rxd7 42. Rxd7 Rc6 43. g4 Rc1+ 44. Kg2 Rc2+ 45. Kf1 Nd2+ 46. Ke1 1-0

[Event "EU-Cup 18th"]
[Site "Kallithea"]
[Date "2002.09.22"]
[Round "1.3"]
[White "Kantsler, Boris"]
[Black "Lautier, Joel"]
[Result "0-1"]
[WhiteElo "2487"]
[BlackElo "2663"]
[Annotator "Lautier,J"]
[PlyCount "88"]
[EventDate "2002.09.22"]
[EventType "team-swiss"]
[EventRounds "7"]
[EventCountry "GRE"]
[SourceTitle "CBM 092"]
[Source "ChessBase"]
[SourceDate "2003.02.06"]
[SourceVersion "1"]
[SourceVersionDate "2003.02.06"]
[SourceQuality "1"]
[WhiteTeam "Tel Aviv Shlomo Har Zvi"]
[BlackTeam "Paris NAO"]
[WhiteTeamCountry "ISR"]
[BlackTeamCountry "FRA"]

1. d4 Nf6 2. c4 e6 3. Nc3 Bb4 4. e3 O-O 5. Bd3 d5 6. Nf3 c5 7. O-O Nc6 8. a3
Bxc3 9. bxc3 Qc7 10. h3 dxc4 11. Bxc4 e5 12. Ba2 Bf5 13. Nh4 Bd7 14. d5 Na5 15.
c4 Ne4 16. Bb2 Rae8 17. f4 $5 $146 (17. Qc2) (17. Nf3) 17... Qb6 $1 (17... Qd8
$2 18. fxe5 Qxh4 19. Rf4 Qg5 (19... Qg3 20. Rxe4 Bf5 (20... Bxh3 21. Qf3 $16)
21. Rf4 Qxe3+ 22. Rf2 $16) 20. Rxe4 Bxh3 21. Qf3 $16) (17... Ng3 $6 18. fxe5 $1
(18. Bxe5 $2 Rxe5 19. fxe5 Nxf1 20. Qxf1 Qxe5 $17) (18. Rf3 exf4 19. exf4 Ne2+
$132) 18... Nxf1 19. Qxf1 Rxe5 20. Qf4 f6 21. Nf3 Qb6 22. Bxe5 fxe5 23. Qxe5
$16) (17... exf4 18. Rxf4 $1 (18. exf4 $6 Qb6 $1 19. Qc2 Qh6 20. Nf3 f6 (20...
Qxf4 21. Rae1 Ng3 22. Qc3 f6 23. Qxa5 Nxf1 24. Kxf1 (24. Rxf1 $2 Re2 25. Qc3
Qg3 $19) 24... Bxh3 25. Kf2 $13) 21. Rae1 Ng3 22. Rf2 b6 $15) 18... g5 $6 19.
Nf5 Qb6 20. Qe2 (20. Rb1 $2 Qg6 $19) 20... Ng3 (20... Qg6 21. Rxe4 Rxe4 22. Ng3
Ree8 23. Rf1 f5 24. Qd2 b6 25. Qc3 $36) 21. Nxg3 gxf4 22. Nh5 Rxe3 23. Qf2 f6
24. Nxf4 Re7 25. Bc3 $36) 18. Rb1 $6 (18. Bxe5 $2 f6 19. Rb1 Qa6 20. Ba1 Nd6
21. Qd3 Re4 $1 (21... Naxc4 22. Bxc4 Nxc4 23. e4 b5 $15) 22. Nf3 Rfe8 23. Rfe1
Bf5 $17) (18. Qc2 exf4 19. Rxf4 (19. Rab1 $2 Qh6 20. Rxf4 Ng3 {/\ Ne2} 21. Rf3
Rxe3 22. Qd2 Ne2+ 23. Kh1 Rfe8 $17) (19. exf4 {->> 17...ef4 18.ef4 Qb6 19.Qc2})
19... Ba4 (19... g5 $6 20. Rxe4 Rxe4 21. Nf3 Rxe3 22. Ne5 $40 Ba4 $6 23. Qd2 f6
24. Ng4 Re4 25. Rf1 Rxg4 26. hxg4 Bb3 27. d6 $1 Bxa2 28. Qd5+ Rf7 29. Rxf6 Bxc4
30. Qxg5+ Kf8 31. Rxf7+ Bxf7 32. Bg7+ Kg8 33. Bh6+ Bg6 34. Qe7 $18) 20. Qe2 (
20. Qxa4 $2 Qxb2 21. Raf1 Ng3 22. Qxa5 b6 23. Qxa7 Nxf1 24. Rxf1 Qxa2 $17)
20... f6 (20... Ng3 21. Qf2 Ne4 22. Rxe4 $1 (22. Qe2 $11) 22... Rxe4 23. Nf5 f6
(23... Bd7 24. Nxg7 f5 25. Ne6 (25. Nh5 Nxc4 26. Bxc4 Rxc4 27. Qg3+ Qg6 28. Qe5
Rc2 29. Nf4 Qh6 30. Rb1 $44) 25... Bxe6 26. Qg3+ Kf7 27. dxe6+ Rxe6 28. Bc3 $36
) 24. Qg3 g6 25. Bc3 Nxc4 26. Rb1 Qd8 27. Rxb7 $40) 21. Nf5 Bd7 $13) 18... Qh6
(18... Qa6 $6 19. fxe5 Nxc4 20. Bxc4 Qxc4 21. Rf4 $36) 19. Qe1 (19. Nf3 exf4
20. Ne5 $5 (20. Qe1 $6 b6 21. Ne5 (21. exf4 f6 $1 $17) 21... Bf5 22. Rxf4 Nd6
23. Rh4 Qg5 24. e4 Nxe4 $17) (20. exf4 Qxf4 21. Qe1 Qc7 (21... Qg3 22. Ne5 (22.
Qxa5 $2 Bxh3 23. Ne1 Qe3+ $1 (23... b6 24. Rf3) 24. Kh2 b6 $1 25. Rf3 (25. Qxa7
Qg3+ 26. Kh1 (26. Kg1 Nd2 $19) 26... Nf2+ 27. Rxf2 Qxf2 $19) 25... Qh6 26. Qxa7
Bg4+ 27. Kg1 Bxf3 $19) 22... Rxe5 23. Bxe5 (23. Qxg3 Nxg3 24. Bxe5 Nxf1 25.
Rxf1 b6 $15) 23... Qxe5 {->> 21...Qc7}) 22. Be5 (22. Qh4 Bf5 $15) 22... Rxe5
23. Nxe5 Qxe5 24. Qxa5 Nc3 (24... Qd4+ 25. Kh2 Nd2 26. Qc7 (26. Qxa7 $2 Qe5+
27. Kg1 (27. Kh1 Nxf1 28. Rxf1 Qe2 $19) 27... Qe3+ 28. Rf2 Bf5 29. Rd1 Ne4 30.
Rdf1 Ng3 $1 $19) 26... Nxb1 (26... Nxf1+ 27. Rxf1 Bc8 $15) 27. Rf4 (27. Bxb1
Qxc4 $17) 27... Qb2 28. Bxb1 Bxh3 $15) 25. Qxc5 b6 26. Qf2 Ne2+ 27. Kh1 Ng3+
28. Kg1 Nxf1 29. Rxf1 Qd6 30. Qb2 $15) 20... Bf5 (20... Bxh3 21. Rxf4 (21. gxh3
fxe3 (21... Qxh3 22. Qf3 $16) 22. Qg4 Nd2 $13) 21... Nd6 (21... Bf5 $6 22. Rxf5
(22. Qe1 $2 f6 23. Nf3 Nd6 24. Qxa5 Rxe3 (24... Bxb1 $2 25. Bxb1 $16) 25. Rh4
Qg6 26. Rf1 Be4 $1 27. Qxc5 Bxf3 $1 28. Rxf3 Rxf3 29. Qxd6 Re8 $19) 22... Qxe3+
23. Kh2 Qg3+ 24. Kh1 Nf2+ 25. Rxf2 Qxf2 26. Qg4 $16) 22. gxh3 Rxe5 23. Bxe5
Qg5+ 24. Qg4 Qxe5 $44) (20... Rxe5 21. Bxe5 fxe3 22. Bf4 Qg6 (22... Qh4 23.
Bxe3 Nc3 24. Qe1 Qxe1 25. Rbxe1 Nxa2 26. Bxc5 Rc8 27. Re7 $36) 23. Bxe3 Bxh3
24. Qc2 b6 25. Rbe1 $13) 21. Rxf4 Nd6 22. Rc1 f6 23. Ng4 Qg5 $15 (23... Bxg4
24. Qxg4 Rxe3 25. Rcf1 Qg6 26. Qd7 $13)) 19... exf4 20. Rxf4 (20. Qxa5 Qxh4 21.
Rxf4 Qg5 22. Rf3 b6 23. Qe1 (23. Qxa7 $2 Nd2) 23... f6 $15 {/\ Rf7-e7}) 20...
b6 21. Nf5 $2 (21. Rc1 Nb7 (21... g5 $6 22. Nf5 Qg6 23. Rxe4 Rxe4 24. Qc3 f6
25. Nd6 Re7 26. Bb1 Qh6 27. Rf1 $36) (21... f5 22. Nf3 g5 23. Rxe4 fxe4 24. Ne5
Bf5 25. Qg3 Nb7 26. Rf1 Nd6 $13) 22. Nf5 Bxf5 23. Rxf5 Nbd6 24. Rf4 f5 25. Bb1
Re7 $15) 21... Bxf5 22. Rxf5 Nd6 23. Rf4 (23. Rf6 $2 gxf6 24. Qg3+ Qg6 25. Qxd6
Nxc4 $1 $19) 23... Qxf4 24. exf4 Rxe1+ 25. Rxe1 Naxc4 $17 26. Bc1 (26. Be5 Re8
$17) 26... Na5 (26... f5 27. Re7 (27. Bxc4 Nxc4 28. Re7 Rd8 $19) 27... Rf7 28.
Re6 Rd7 29. g4) (26... Ra8 $5 27. Bxc4 (27. Re7 $2 Kf8 28. Rc7 Nb5 29. Rd7 Ncd6
$19 {/\ Ke8}) (27. Kf2 Kf8 $17) 27... Nxc4 28. Re4 b5 29. Re7 b4 30. axb4 cxb4
31. Rc7 Nd6 32. Rd7 Ne4 $17) 27. Re7 Nab7 (27... Re8 28. Rd7 (28. Rxa7 Nb5 29.
Ra6 (29. Rd7 Nc3 $19) 29... Nc3 $19) 28... Nab7 29. Bb2 {->> 28.Bb2}) 28. Bb2
Re8 29. Rd7 f6 30. Kf2 Kf8 31. Bb1 h6 32. g4 Re7 33. Rxe7 Kxe7 34. Kf3 (34. g5
$142 Nc4 35. Bc1 $17) 34... Nc4 35. Bc1 Nbd6 36. h4 $6 (36. g5 f5 $1) (36. a4
$142 a6) 36... b5 (36... Nb5 $142 37. a4 Nc3 38. Bc2 Kd6 $19) 37. Ke2 $2 (37.
Bd3 a5) 37... Nb6 $19 38. Be3 Nxd5 39. Bxc5 Nc3+ 40. Kd3 Nxb1 41. Kc2 Nxa3+ 42.
Bxa3 Ke6 43. f5+ Ke5 44. Kd3 a5 0-1

[Event "EU-ch 12th"]
[Site "Aix les Bains"]
[Date "2011.04.01"]
[Round "10"]
[White "Vaisser, Anatoli"]
[Black "Naiditsch, Arkadij"]
[Result "1/2-1/2"]
[WhiteElo "2522"]
[BlackElo "2684"]
[Annotator "Marchand,A/Primel,D"]
[PlyCount "104"]
[EventDate "2011.03.22"]
[EventType "swiss"]
[EventRounds "11"]
[EventCountry "FRA"]
[SourceTitle "CBM 142 Extra"]
[Source "ChessBase"]
[SourceDate "2011.06.27"]
[SourceVersion "1"]
[SourceVersionDate "2011.06.27"]
[SourceQuality "1"]

1. d4 {Le français est en semi retraite échiquéenne depuis quelques années
mais il a retrouvé une nouvelle jeunesse en 2010 avec son titre de Champion du
Monde vétéran et il remonte nettement au classement ELO.} Nf6 2. c4 e6 3. Nc3
Bb4 4. e3 O-O (4... c5) (4... d5 5. Nf3 (5. a3) 5... O-O 6. Bd3 c5) 5. Bd3 {88}
(5. Nge2) 5... d5 (5... c5 {L'alternative dans cette variante Rubinstein} 6.
Nge2 (6. Nf3 Nc6 7. O-O Bxc3 8. bxc3 d6 {[%cal Ge6e5]})) 6. Nf3 (6. a3 Bxc3+ {
Retombe sur une Saemisch mais l'ordre de coups des Blancs donne une option
supplémentaire aux Noirs qui peuvent aussi jouer le coup intermédiaire dc4} (
6... dxc4 $5 7. Bxc4 Bd6 {[%cal Ge6e5]}) (6... Be7 $5) 7. bxc3) 6... c5 7. O-O
Nc6 {Un grand carrefour pour la variante mais Nc6 est la ligne principale} (
7... dxc4) (7... cxd4) 8. a3 {85} Bxc3 (8... Ba5 9. cxd5 exd5 10. dxc5 Bxc3 11.
bxc3 Bg4) 9. bxc3 dxc4 {la ligne trés solide qui abandonne le centre mais pour
obtenir un jeu de pièces dynamique et le gain de temps sur le B est important
pour garder l'équilibre.} (9... Qc7 $5 10. cxd5 exd5 11. a4 Re8 {[%csl Ge4]}
12. Ba3 c4 13. Bc2 Ne4 14. Bxe4 Rxe4 15. Nd2 Rh4 $132 {[%csl Rh2];Kamsky,G 
(2735)-Almasi,Z (2630) Groningen 1995 (10) 1-0}) 10. Bxc4 Qc7 {[%cal Gc7c4,
Ge6e5,Gf8d8,Gd8d1]} 11. Bb2 $5 {82 Pour l'instant, le Bb2 est un "gros P" mais
les Blancs misent sur le dynamisme du centre fort pour le réanimer.} (11. Bd3)
(11. Ba2 {[%cal Ga2b1,Gd1d3,Gd3h7]}) (11. Be2 Rd8 12. c4 e5 13. d5 e4 14. Nd2
Ne5 15. f4 exf3 16. gxf3 Qe7 17. a4 Nd3 $1 18. Bxd3 (18. e4 $6 Nxc1 {Gligoric}
(18... Nxd5 $1 {Oublié par Gligoric dans ses analyses} 19. Bxd3 (19. cxd5 Qg5+)
19... Nf4)) 18... Qxe3+ 19. Kh1 Qxd3 $11 {Gligoric,S (2535)-Ljubojevic,L (2600)
Bugojno 1982 (8) 1/2}) 11... b6 {Déjà joué par l'allemand а la 06ème ronde.} (
11... e5 {[%cal Gf8d8,Gc8g4] Plus courant} 12. h3 (12. d5 $6 Na5) 12... Bf5 13.
Qe2 Rfe8 {Iskusnyh,S (2533)-Filippov,V (2632) RUS-chT Tomsk 2001 (5) 1/2} (
13... Rad8 14. Bb5 e4 15. Nd2 Bg6 (15... a6))) 12. Bd3 $5 {La préparation du
Champion du Monde vétéran qui ressort une vieille ligne peu explorée mais il a
réfléchi près de 10 mns sur cette position. Il s'est peut-être décidé а
changer de variante devant l'échiquier.} (12. Qe2 e5 13. h3 e4 14. Nd2 Na5 15.
Ba2 c4 16. a4 Be6 17. Ba3 Rfe8 18. Rfb1 Rac8 19. Rb5 ({RR} 19. Bb4 Nb7 20. a5)
19... Bd5 20. Rc1 Qc6 21. Qd1 h5 22. Rcb1 g6 23. Kh1 Kg7 24. Rxa5 bxa5 25. Rb5
Qc7 26. Rc5 ({RR} 26. Qc2 Qd8 27. Bc5 a6 28. Bb6 Qd6 29. Rb1 Qc6 30. Bxa5 Rb8)
26... Qd8 27. Nxc4 ({RR} 27. Bxc4 Rxc5 28. Bxc5 Bxc4 29. Nxc4 Qd5 30. Nd6 Rd8
31. c4 Qc6) 27... Rxc5 28. Bxc5 {Pelletier,Y (2593)-Naiditsch,A (2685)/
Aix-les-Bains 2011/[Pelletier]/1/2-1/2 (43)}) 12... e5 {90 L'allemand était
bien préparé et il continue de jouer а tempo} 13. e4 $5 $146 {82 Les Blancs
gagnent de l'espace au centre mais au risque de favoriser les N si le centre
se ferme.} (13. Qc2 {Plus souple} Re8 14. e4 (14. dxe5 Nxe5 15. Nxe5 Rxe5 16.
c4 Rh5 17. f4 Bb7 18. Rae1 Qc6 19. e4 Rd8 20. Rf3 Rh4 21. e5 Rg4 22. exf6 Qxf3
23. Bxh7+ {1-0 Stenborg,A-Limbos,P/Moscow 1956}) 14... Bd7 15. d5 Ne7 16. c4
Ng6 17. Rfe1 Re7 18. g3 Ne8 19. Nd2 Nd6 20. Nf1 Ree8 21. Ne3 f6 22. a4 a5 23.
Bc3 Qd8 24. Bd2 Re7 25. Rab1 Ra6 26. Qb3 Qe8 27. Bc2 Nf8 28. Ng2 {San Segundo
Carrillo,P (2515)-Olcayoz,A (2310)/Istanbul 2003/1/2-1/2 (94)}) 13... cxd4 {
84 Fin de la préparation des Noirs} (13... Bg4 14. d5 (14. h3 $6 Bxf3 15. Qxf3
cxd4 16. cxd4 Nxd4) 14... Na5 {[%csl Gc4][%cal Gf6e8,Ge8d6,Ga5b7,Gb7d6]} 15. h3
Bxf3 16. Qxf3 Nb7 (16... Ne8 {[%cal Ge8d6]} 17. c4 $6 Nb3 18. Rad1 Nd4 $132 {
[%csl Gd4]}) 17. c4 Rfe8 18. a4 Nd6 {[%csl Gd6]} 19. a5 b5 20. cxb5 c4 21. Rfc1
Qc5 22. Ba3 Qd4) 14. cxd4 {[%csl Gb2]} Nxd4 $1 15. Nxd4 {72} exd4 {84} 16. Bxd4
$14 {[%csl Gd3,Gd4][%cal Gd4f6] 56} (16. Rc1 $5 Qe7 17. e5 (17. Re1) 17... Qxe5
18. Bxd4 $1 $44) 16... Ng4 17. e5 $1 Rd8 (17... Nxe5 18. Rc1 Qd6 19. Bxh7+ {
Profitant de l'avance de développement} Kxh7 20. Qh5+ Kg8 21. Bxe5 $36 {
[%csl Rg8][%cal Gc1c3,Gc3h3,Gc1c4,Gc4h4]}) (17... Be6 {[%cal Gf8d8]} 18. Rc1
Qd7 {[%csl Rd4]} 19. h3 (19. Bc3 {[%cal Gc3b4]} Rad8 20. Ba6 $1 {[%csl Ga6,Rc8]
} Qxd1 21. Rfxd1) 19... Rad8) 18. Rc1 $32 {41} (18. Be4 $5 Rb8 19. Rc1 $36)
18... Qb7 {76} (18... Qe7 19. Rxc8 $1 {[%csl Rg4]}) 19. Bb2 {39} Be6 {71 Les
Noirs ont joué très vite l'ouverture.} 20. Qe2 $16 {[%cal Gd3a6]} Qe7 21. Qe4
$36 {[%csl Rg4] 22 La paire de B commence а jouer} g6 22. Ba6 $1 {[%csl Rc8] 19
} Qg5 {63} 23. h3 Nh6 24. f4 {17} Qe7 {31} 25. Qb4 Qxb4 26. axb4 {15} Nf5 {
[%cal Gh7h5] 57 Les noirs tentent de mettre la pression sur les Blancs en
jouant trés vite mais le français ne craint pas grand-chose.} 27. g4 Ne3 28.
Rfe1 {12} Rd2 $1 {52} 29. Re2 Rad8 $11 30. Bc3 Rd1+ 31. Rxd1 Rxd1+ 32. Re1
Rxe1+ 33. Bxe1 h5 {[%cal Ge3g4]} 34. Kf2 Nc2 35. gxh5 gxh5 (35... Nxe1 36. Kxe1
gxh5) 36. Bc3 Bf5 $1 {[%csl Rc2]} (36... Bxh3 $4 37. Bd3 Na3 38. Bb2) 37. h4
Kg7 38. Ke2 Kg6 39. Kd2 Na3 40. Ke3 Nc2+ 41. Kf3 Na3 42. Kf2 Nc2 43. Be2 Na3
44. Ke3 Nc2+ 45. Kd2 a5 $1 46. bxa5 bxa5 47. Bxa5 Nd4 48. Bd1 Bg4 $1 49. Ba4
Nf3+ 50. Ke3 Nxh4 51. Kf2 Kg7 52. Bc2 Bf5 1/2-1/2

[Event "Bundesliga 0102"]
[Site "Germany"]
[Date "2002.04.28"]
[Round "15.1"]
[White "Babula, Vlastimil"]
[Black "Luther, Thomas"]
[Result "1-0"]
[WhiteElo "2566"]
[BlackElo "2604"]
[Annotator "Meyer,CD"]
[PlyCount "66"]
[EventDate "2001.10.06"]
[EventType "team-tourn"]
[EventRounds "15"]
[EventCountry "GER"]
[SourceTitle "CBM 089"]
[Source "ChessBase"]
[SourceDate "2002.08.12"]
[SourceVersion "1"]
[SourceVersionDate "2002.08.12"]
[SourceQuality "1"]
[WhiteTeam "Werder Bremen"]
[BlackTeam "Erfurt SK"]
[WhiteTeamCountry "GER"]
[BlackTeamCountry "GER"]

1. d4 e6 2. c4 Nf6 3. Nc3 Bb4 4. e3 O-O 5. Bd3 d5 6. Nf3 c5 7. O-O Nc6 8. a3
Bxc3 9. bxc3 dxc4 10. Bxc4 Qc7 11. Bb2 e5 12. h3 e4 13. Nd2 Na5 14. Ba2 c4 ({
"!?", L. McShane;} 14... Bf5 15. c4 $1 Rfe8 16. d5 Nd7 17. f4 $1 exf3 18. Qxf3
Bg6 19. h4 $1 h5 20. Bb1 $1 Qd6 21. Bc3 b6 22. Ne4 {Kramnik-Tiviakov, Wijk aan
Zee (Corus) 2001, 1:0/38, ChessBase Magazin mit Anm. von L. McShane.}) 15. f3
Bxh3 16. Nxe4 (16. gxh3 Qg3+ $11) 16... Nxe4 17. fxe4 {("~~", McShane)} Qg3 18.
Qf3 Qxf3 19. Rxf3 Bg4 (19... Bd7 20. e5 Nb3) 20. Rf2 f6 21. Raf1 Rfe8 22. Bb1
Nb3 (22... Rad8) 23. a4 $6 Bh5 $6 (23... Bd7 $5 24. Ba3 Bxa4 25. e5 Bc6 $1 26.
exf6 gxf6 27. Rxf6 $2 Nd2) 24. e5 $1 {[#]} Bg6 $4 (24... fxe5 25. Be4 Rad8 26.
Bxb7 exd4 27. exd4 $14) 25. exf6 gxf6 26. Bxg6 hxg6 27. Rxf6 $16 {(+-)} Rxe3
28. Rxg6+ Kh7 29. Rg4 Re7 30. Ba3 Rg7 31. Rh4+ Kg8 32. Bd6 Rh7 33. Rhf4 Re8 (
33... Re8 34. Be5) 1-0

[Event "Olympiad-37"]
[Site "Turin"]
[Date "2006.05.29"]
[Round "8"]
[White "Aleksandrov, Aleksej"]
[Black "Naiditsch, Arkadij"]
[Result "0-1"]
[WhiteElo "2634"]
[BlackElo "2664"]
[Annotator "Mueller,Karsten"]
[PlyCount "126"]
[EventDate "2006.05.21"]
[EventType "team-swiss"]
[EventRounds "13"]
[EventCountry "ITA"]
[SourceTitle "CBM 113"]
[Source "ChessBase"]
[SourceDate "2006.07.31"]
[SourceVersion "1"]
[SourceVersionDate "2006.07.31"]
[SourceQuality "1"]
[WhiteTeam "Belarus"]
[BlackTeam "Germany"]
[WhiteTeamCountry "BLR"]
[BlackTeamCountry "GER"]

1. d4 Nf6 2. c4 e6 3. Nc3 Bb4 4. e3 O-O 5. Bd3 d5 6. Nf3 c5 7. O-O Nc6 8. a3
Bxc3 9. bxc3 dxc4 10. Bxc4 Qc7 11. h3 e5 12. Ba2 b6 13. d5 e4 14. dxc6 exf3 15.
Qxf3 Ba6 16. Re1 Bb5 17. e4 Bxc6 18. Bg5 Qe5 19. Bf4 Qh5 20. Qxh5 Nxh5 21. Bh2
Nf6 22. f3 Rfd8 23. Bb3 Rd3 24. Rac1 Rad8 25. Bf4 Kf8 26. Kf2 h6 27. h4 Ke7 28.
Re2 Ne8 29. a4 Rc8 30. g4 Nc7 31. Be3 Ne6 32. Bc4 Rd7 33. Ra1 Kf6 34. Kg3 Rcd8
35. Ree1 g5 36. hxg5+ hxg5 37. a5 Rh8 38. axb6 axb6 39. Ra6 Rb7 40. Rb1 Rhb8
41. Rh1 Bd7 42. Ra2 Rg8 43. Rh6+ Rg6 44. Rh8 b5 45. Bd5 Rc7 46. Ra6 Kg7 47. Rb8
Kf6 48. Rh8 Ke7 49. e5 b4 50. cxb4 cxb4 51. Bd2 Rc3 52. Rb6 Nf4 53. Rxg6 fxg6
54. Rh7+ Kd8 55. Bxc3 bxc3 56. Be4 Bc6 57. Rh2 Bxe4 58. fxe4 Ne6 59. Kf2 $4 {
[%mdl 8192]} (59. Rh1 $1 c2 (59... Nd4 60. Rd1 $18) 60. Rc1 Nd4 61. Kf2 Ke7 62.
Ke3 Nc6 63. Rxc2 Nxe5 64. Kd4 Ke6 65. Rc5 Nf3+ 66. Kd3 Kf6 (66... Ne5+ 67.
Rxe5+ Kxe5 68. Ke3 $18) 67. Ke3 Ne5 68. Kd4 Nxg4 69. e5+ $18) 59... c2 {
... and the rook is held in check: ... und der Turm ist dominiert:} 60. Rh8+ (
60. Rh1 Nc5 61. Ke3 Nb3 $19) 60... Kd7 61. Rh7+ Kc6 62. Rh1 Nc5 63. e6 Nd3+ 0-1

[Event "Brighton"]
[Site "Brighton"]
[Date "1979.??.??"]
[Round "?"]
[White "Chandler, Murray G"]
[Black "Speelman, Jonathan S"]
[Result "0-1"]
[WhiteElo "2380"]
[BlackElo "2470"]
[Annotator "Notkin,M"]
[PlyCount "88"]
[EventDate "1979.12.??"]
[EventType "tourn"]
[EventRounds "9"]
[EventCountry "ENG"]
[EventCategory "3"]
[SourceTitle "MCL"]
[Source "ChessBase"]
[SourceDate "1999.07.01"]
[SourceVersion "1"]
[SourceVersionDate "1999.07.01"]
[SourceQuality "1"]

1. d4 Nf6 2. c4 e6 3. Nc3 Bb4 4. e3 O-O 5. Bd3 d5 6. Nf3 c5 7. O-O Nc6 8. a3
Bxc3 9. bxc3 dxc4 10. Bxc4 Qe7 $6 (10... Qc7 $5) 11. Ne5 $2 (11. a4 b6 12. Re1
Bb7 13. e4 h6 14. d5 Rfd8 15. Bd3 $1 Na5 16. c4 Ne8 17. Bb2 $16 {Portisch,
L-Miles,A/Tilburg/1981/0,5/89/}) 11... Nxe5 12. dxe5 Nd7 13. f4 Nb6 14. Bd3 Bd7
15. a4 $2 (15. c4 Rad8 16. Qc2 Ba4 17. Qc3 Bc6 $10 {Knaak,R-Estevez,G/
Cienfuegos/1980/}) 15... Rad8 (15... Rfd8 $5) 16. Qc2 (16. a5 Bb5 17. axb6 Bxd3
$17) 16... Bxa4 17. Bxh7+ Kh8 18. Rxa4 Nxa4 19. Rf3 g6 20. Rh3 Kg7 21. f5 exf5
22. e4 Qxe5 $1 (22... Qd7 $2 23. Bh6+ Kxh7 $2 24. Bg5+ {/\Bf6+-/}) 23. Bh6+ Kf6
24. Re3 (24. Bxf8 Rxf8 25. Qxa4 Qxe4 $19) (24. Qc1 fxe4) 24... Nxc3 $1 25. exf5
(25. Bxf8 Rd1+ 26. Kf2 Qf4+ $19) (25. Rxc3 Qd4+ 26. Kf1 Rh8 $19) 25... Rd1+ 26.
Kf2 Qd4 $1 $19 27. Qxc3 $8 Qxc3 28. Rxc3 Rh8 29. fxg6 fxg6 30. Rf3+ Ke6 31.
Re3+ Kd7 32. Bxg6 Rxh6 33. Bf5+ Kd8 34. h3 Rf6 35. Ke2 Rd5 36. Be4 Rd7 37. g4
Re7 38. g5 Rfe6 39. Kf3 c4 40. g6 Rxe4 $1 41. Rxe4 Rxe4 42. Kxe4 Ke7 43. h4 Kf6
44. h5 b5 0-1